| 000 | 00385nam a2200133Ia 4500 | ||
|---|---|---|---|
| 008 | 191014s9999 xx 000 0 und d | ||
| 020 | _a0-471-43958-4 | ||
| 082 |
_a530.12 _bJAM |
||
| 100 |
_aMax Jammer _923729 |
||
| 245 | 4 | _aThe Philosophy of Quantum Mechanics The Interpretations of Quantum Mechanics in Historical Perspective | |
| 260 | _c1974 | ||
| 300 | _aXi,536 | ||
| 942 | _cBK | ||
| 999 |
_c531223 _d531223 |
||